000 00395nam a2200145 i 4500
001 65493
003 ES-MaACL
007 t|
008 040114s1913 fr ||||1| fre d
100 1 _aFriedel, V.-H.
_952618
245 1 0 _aProblémes pedagogiques
_b: notes et documents /
_cV.-H. Friedel.
260 _aParis :
_bG. Roustan,
_c1913.
300 _a342 p. ;
_c19 cm.
852 _aES-MaACL
_jG-1825
999 _c65493
_d65493